IFM Opac

THE INTERNATIONAL CO-OPERATIVE ALLIANCE 1895-1970 (Record no. 14418)

MARC details
000 -LEADER
fixed length control field 00442nam a22001457a 4500
082 ## - DEWEY DECIMAL CLASSIFICATION NUMBER
Classification number 327.1WAT
100 ## - MAIN ENTRY--PERSONAL NAME
Personal name WATKINS, WILLIAM
245 ## - TITLE STATEMENT
Title THE INTERNATIONAL CO-OPERATIVE ALLIANCE 1895-1970
260 ## - PUBLICATION, DISTRIBUTION, ETC.
Place of publication, distribution, etc. ENGLAND
Name of publisher, distributor, etc. INTERNATIONAL CO-OPERATIVE ALLIANCE
Date of publication, distribution, etc. 1970
300 ## - PHYSICAL DESCRIPTION
Extent XV,385P
Other physical details ILL,:25CM
500 ## - GENERAL NOTE
General note INCLUDE APPENDIX AND INDEX
650 ## - SUBJECT ADDED ENTRY--TOPICAL TERM
Topical term or geographic name entry element THE INTERNATIONAL CO-OPERATIVE ALLIANCE 1895-1970
700 ## - ADDED ENTRY--PERSONAL NAME
Personal name WATKINS, WILLIAM
942 ## - ADDED ENTRY ELEMENTS (KOHA)
Koha item type Books
Holdings
Withdrawn status Lost status Damaged status Not for loan Home library Current library Shelving location Date acquired Total Checkouts Full call number Barcode Date last seen Price effective from Koha item type
Withdrawn       IFM Main Campus Library IFM Main Campus Library Archival Collection 12/23/2015   327.1WAT 0000009806 12/23/2015 02/19/2022 Books